Integrating faith and learning / (Record no. 25282)

MARC details
000 -LEADER
fixed length control field 00976nam a22002657a 4500
003 - CONTROL NUMBER IDENTIFIER
control field AUA.1
005 - DATE AND TIME OF LATEST TRANSACTION
control field 20251121091220.0
008 - FIXED-LENGTH DATA ELEMENTS--GENERAL INFORMATION
fixed length control field 251121b |||||||| |||| 00| 0 eng d
020 ## - INTERNATIONAL STANDARD BOOK NUMBER
International Standard Book Number 9791387703028 (vol.1)
020 ## - INTERNATIONAL STANDARD BOOK NUMBER
International Standard Book Number 9791387703035 (vol. 2)
040 ## - CATALOGING SOURCE
Transcribing agency JTL
050 ## - LIBRARY OF CONGRESS CALL NUMBER
Classification number LC586.S48
Item number I68 2025
245 ## - TITLE STATEMENT
Title Integrating faith and learning /
Statement of responsibility, etc Shawna Vyhmeister, Safary Wa-Mbaleka, and Prema Gaikwad (editors).
260 ## - PUBLICATION, DISTRIBUTION, ETC. (IMPRINT)
Place of publication, distribution, etc Madrid, Spain :
Name of publisher, distributor, etc Editorial Safeliz;
Date of publication, distribution, etc c2025.
300 ## - PHYSICAL DESCRIPTION
Extent 2 volumes (568 & 282 pages) :
Other physical details illustrations ;
Dimensions 23 cm.
500 ## - GENERAL NOTE
General note Volume 1: Fundamentals<br/>Volume 2: Applications
650 ## - SUBJECT ADDED ENTRY--TOPICAL TERM
Topical term or geographic name as entry element Church and education
650 ## - SUBJECT ADDED ENTRY--TOPICAL TERM
Topical term or geographic name as entry element Faith development
650 ## - SUBJECT ADDED ENTRY--TOPICAL TERM
Topical term or geographic name as entry element Learning
Form subdivision Religious aspects
General subdivision Christianity
650 ## - SUBJECT ADDED ENTRY--TOPICAL TERM
Topical term or geographic name as entry element Seventh-Day Adventists
General subdivision Education
700 ## - ADDED ENTRY--PERSONAL NAME
Personal name Vyhmeister, Shawna
Relator term editor
700 ## - ADDED ENTRY--PERSONAL NAME
Personal name Wa-Mbaleka, Safari
Relator term editor
700 ## - ADDED ENTRY--PERSONAL NAME
Personal name Gaikwad, Prema
Relator term editor
942 ## - ADDED ENTRY ELEMENTS (KOHA)
Source of classification or shelving scheme Library of Congress Classification
Koha item type Books
Classification part LC 586 .S48
Item part I68 2025
Holdings
Withdrawn status Lost status Source of classification or shelving scheme Damaged status Not for loan Collection code Home library Current library Shelving location Date acquired Source of acquisition Cost, normal purchase price Serial Enumeration / chronology Total Checkouts Full call number Barcode Date last seen Copy number Cost, replacement price Price effective from Koha item type
    Library of Congress Classification     Books Judith Thomas Library Judith Thomas Library General Stacks 21/11/2025 Donation 25.00 AUA28032   LC 586 .S48 I68 2025 AUA28032 21/11/2025 v.1 25.00 21/11/2025 Books
    Library of Congress Classification     Books Judith Thomas Library Judith Thomas Library General Stacks 21/11/2025 Donation 25.00 AUA28033   LC 586 .S48 I68 2025 AUA28033 21/11/2025 v.2 25.00 21/11/2025 Books